000 02071nam a2200469 a 4500
001 20958
003 VRT
005 20260207114701.0
008 251029s1943 xo 0000d slo c
035 _aSNK000255273
039 9 _a202601291412
_bAUTHORITY
_c202601291411
_dAUTHORITY
_c202510291204
_dVLOAD
_c202010090959
_dmsnk136
040 _aSNK
_bslo
_cSNK
_dSVKBB
_eAACR2
041 1 _aslo
_hrus
044 _axo
_cSK
072 7 _a821.161.1
_xRuská literatúra
_2konspekt
080 _a821.161.1-2
_22001
080 _a(0:82-2)
_22011
080 _a821.161.1
_22011
100 1 _aČechov, Anton Pavlovič,
_d1860-1904
_4aut
245 1 0 _aKonské priezvisko
_bVeselohra v jednom dejstve
_cA. P. Čechov ; preložil a upravil Anton Prídavok
260 _aTurčiansky Sv. Martin
_bÚstredie slovenských ochotníckych divadiel
_bMatica slovenská
_c1943
_fNeografia
300 _a30, [1] s.
_c8° (17x12 cm)
490 0 _aDivadelná knižnica / rediguje Ivan Turzo-Nosický
_vsv. 59
650 0 7 _aruská dráma
_2SNKPH
650 0 7 _aRussian drama
_2SNKPHeng
650 0 7 _aruská literatúra
_2SNKPH
650 0 7 _aRussian literature
_2SNKPHeng
655 7 _adivadelné hry
_2SNKPH
655 7 _aTheatre plays
_2SNKPHeng
700 1 _aPrídavok, Anton,
_d1904-1945
_4trl
_4adp
700 1 _aTurzo, Ivan,
_d1914-1994
_4red
752 _aSlovensko
_dMartin
830 0 _aDivadelná knižnica
942 _2ddc
_cKLDO
_n0
949 _617A0094928
_asnkSD 11749 D2
_qrekatalogizácia
949 _6273K0366717
_asvkpoA 15150
_bsvkpo35248
949 _617A0483823
_asnkSD 11749
_bsnk2070/56
_qrekatalogizácia
949 _6270001000320809
_asvkbbFD 1051
_bsvkbbm FD 1051
_pProveniencia: Peč.: Ex libris Andrej Viňanský. -- Akcia Matice slovenskej Pomáhajme Slovákom navráteným. -- Obecná knižnica Košická Nová Ves.
949 _617A1315972
_asnkSD 11749 D1
_bsnkD 893/64
_qrekatalogizácia
999 _c20958
_d20958